Načítá se...

Introduction to the study of literature

Hudson, William Henry,

Podrobná bibliografie
Hlavní autor: Hudson, William Henry
Médium: Printed Book
Vydáno: Ludhiana Kalyani 1998
Vydání:9th ed.
Témata:
LEADER 00514cam a2200169ua 4500
020 |a 81-7096-029-0 
082 |a 807  |b HUD/I 
100 |a Hudson, William Henry  
245 0 0 |a Introduction to the study of literature  
250 |a 9th ed. 
260 |a Ludhiana  |b Kalyani  |c 1998 
300 |a 352p. 
520 |a Hudson, William Henry,  
650 0 |a Literature 
942 |c BK 
999 |c 1052  |d 1052 
952 |0 0  |1 0  |4 0  |6 807_000000000000000_HUDI  |7 0  |9 1100  |a KUCL  |b KUCL  |d 2014-05-23  |l 3  |m 3  |o 807 HUD/I  |p 04165  |r 2018-11-03  |s 2018-09-03  |y BK